00574nam a22002057a 450000500170000001000290001702000260004603500130007203500170008503500130010203700180011503700130013308200120014610000200015824500580017826000360023627000450027230000200031765000310033720170512154606.0 a1516EN07 ENG-114769 a9789350009536c350.00 aEN-98301 aB-604691-695 aB-667866 adplbVani/Ven bDBAD/PUB a301.018 aDurkheim, Emile aThe rules of sociological method /cby Emile Durkheim aNew DelhibVani Prakashanc2015 a4695, 21-A, DaryaganjbNew Delhie110002 a179p.c23cm(Hb) a Sociology xMethodology.